000 01045cam a2200277 i 4500
003 SA-RiAUC
005 20251001120419.0
008 250716s1969 le g 00000 ara c
040 _aSA-JeALM
_bara
_cSA-RiAUC
_erda
082 0 4 _a219.1
090 _a219.1
_bن د و
100 1 _aالندوي، علي الحسني،
_d1913-1999
_eمؤلف.
245 1 0 _aربانية لا رهبانية /
_cأبو الحسن علي الحسني الندوي.
250 _aالطبعة الثانية.
264 1 _aبيروت :
_bدار الفتح للطباعة والنشر،
_c1969
300 _a174 صفحة ؛
_c20 سم
336 _aنص
_btxt
_2rdacontent
_3كتاب
337 _aبدون وسيط
_bn
_2rdamedia
338 _aمجلد
_bnc
_2rdacarrier
650 7 _aالإسلام والإصلاح الاجتماعي
_2aucsh
650 7 _aالإسلام
_vمقالات ومحاضرات
_2aucsh
650 7 _aالوعظ والإرشاد
_2aucsh
650 _aالتصوف
942 _2ddc
_cBOOK
_n0
949 _aSA-JeALM
_d250716
_uosman123
_n1
999 _c12269
_d12269